| 000 | 00939 a2200253 4500 | ||
|---|---|---|---|
| 003 | OSt | ||
| 005 | 20180116192333.0 | ||
| 008 | 120516t xxu||||| |||| 00| 0 eng d | ||
| 010 | _a 94023794 | ||
| 020 | _a0442018045 | ||
| 040 | _c0 | ||
| 082 | 0 | 0 | _a729 |
| 100 | 1 |
_aMichel, Lou. _91414 |
|
| 245 | 1 | 0 |
_aLight : _bthe shape of space : designing with space and light / _cLou Michel. |
| 260 |
_aNew York : _bVan Nostrand Reinhold, _cc1996. |
||
| 300 |
_axxi, 277 p., [16] of plates : _bill. (some col.) ; _c29 cm. |
||
| 500 | _aIncludes bibliographycal refrences & indexe | ||
| 505 | _aPart 1. Visual perception and light Part 2. Analysis of architectural space Part 3. Designing with space and light | ||
| 650 | 0 |
_aSpace (Architecture) _91415 |
|
| 650 | 0 |
_aVisual perception. _91416 |
|
| 650 | 0 |
_aLight in architecture. _91417 |
|
| 942 |
_aSADA _cBK _k729 MIC 1996 _2ddc |
||
| 999 |
_c352380 _d352380 |
||